Statistiken für Länder der Welt nach Alphabet

Klicken Sie hier um das Quiz zu spielen!

Allgemein

  • Dieses Quiz wurde 1.588 mal gespielt
  • Das Durchschnittsergebnis liegt bei 109 aus 196

Antwortstatistiken

Antwort% Korrekt
Albanien
84%
Deutschland
82%
Belgien
81%
China
81%
Argentinien
79%
Australien
79%
Ägypten
78%
Andorra
77%
Afghanistan
76%
Algerien
76%
Dänemark
76%
Finnland
76%
Armenien
75%
Chile
75%
Frankreich
75%
Brasilien
74%
Indien
73%
Japan
73%
Kanada
73%
Estland
72%
Griechenland
72%
Lettland
72%
Bulgarien
71%
Irland
71%
Aserbaidschan
70%
Italien
70%
Russland
70%
Schweden
70%
Angola
69%
Irak
69%
Iran
69%
Island
69%
Litauen
69%
Luxemburg
68%
Vereinigtes Königreich
68%
Bosnien und Herzegowina
67%
Demokratische Republik Kongo
67%
Norwegen
67%
Republik Kongo
67%
Schweiz
67%
Indonesien
66%
Kroatien
66%
Österreich
66%
Portugal
66%
Spanien
66%
Vereinigte Staaten von Amerika
66%
Belarus
65%
Israel
65%
Niederlande
65%
Polen
65%
Äthiopien
64%
Bolivien
64%
Mexiko
64%
Kolumbien
63%
Ghana
62%
Jemen
62%
Kasachstan
62%
Costa Rica
61%
Marokko
61%
Monaco
61%
Niger
61%
Bangladesch
60%
Malta
60%
Nordkorea
60%
Slowakei
60%
Südkorea
60%
Türkei
60%
Ukraine
60%
Haiti
59%
Honduras
59%
Jordanien
59%
Kosovo
59%
Neuseeland
59%
Slowenien
59%
Südafrika
59%
Tschechien
59%
Zypern
59%
Georgien
58%
Liechtenstein
58%
Nigeria
58%
Nordmazedonien
58%
Dominikanische Republik
57%
Ecuador
57%
Kenia
57%
Peru
57%
Bahamas
56%
Bhutan
56%
Guinea
56%
Jamaika
56%
Kuba
56%
Libyen
56%
Rumänien
56%
Serbien
56%
Ungarn
56%
Elfenbeinküste
55%
Madagaskar
55%
Mongolei
55%
Oman
55%
Tunesien
55%
Vatikanstadt
55%
Antigua und Barbuda
54%
Äquatorialguinea
54%
Benin
54%
Montenegro
54%
Sudan
54%
Thailand
54%
Belize
53%
Fidschi
53%
Katar
53%
Laos
53%
Mali
53%
Pakistan
53%
Bahrain
52%
Brunei
52%
Eritrea
52%
Gambia
52%
Kamerun
52%
Malediven
52%
San Marino
52%
Uruguay
52%
Venezuela
52%
Barbados
51%
El Salvador
51%
Paraguay
51%
Saudi-Arabien
51%
Vietnam
51%
Burundi
50%
Guatemala
50%
Kambodscha
50%
Libanon
50%
Malaysia
50%
Namibia
50%
Südsudan
50%
Syrien
50%
Botswana
49%
Dominica
49%
Turkmenistan
49%
Usbekistan
49%
Dschibuti
48%
Guyana
48%
Nepal
48%
Panama
48%
Senegal
48%
Vereinigte Arabische Emirate
48%
Burkina Faso
47%
Mauretanien
47%
Gabun
46%
Guinea-Bissau
46%
Kuwait
46%
Lesotho
46%
Tansania
46%
Togo
46%
Kirgistan
45%
Mauritius
45%
Somalia
45%
Komoren
44%
Liberia
44%
Myanmar
44%
Sambia
44%
Singapur
44%
Nicaragua
43%
Eswatini
42%
Kap Verde
42%
Seychellen
42%
Simbabwe
42%
Sri Lanka
42%
St. Lucia
42%
Tadschikistan
42%
Tschad
42%
Uganda
42%
Grenada
41%
Malawi
41%
Mikronesien
41%
Mosambik
41%
Philippinen
41%
Ruanda
41%
Taiwan
41%
Zentralafrikanische Republik
41%
Kiribati
39%
St. Kitts und Nevis
38%
St. Vincent und die Grenadinen
38%
Suriname
38%
Moldau
37%
Nauru
37%
Osttimor
37%
Palau
37%
Samoa
37%
Tonga
37%
Papua-Neuguinea
36%
Trinidad und Tobago
36%
Marshallinseln
35%
Tuvalu
35%
São Tomé und Príncipe
34%
Sierra Leone
34%
Salomonen
32%
Vanuatu
31%

Verteilung der Resultate

Perzentil nach korrekt beantworteten Fragen

Anzahl Personen mit jedem Resultat

Ihre Resultats-Entwicklung

Sie haben dieses Quiz noch nicht gespielt